TWW3 drapeaux des Faction Hauts-Elfes - Statistiques

Statistiques générales
  • Ce quiz a été pris 7 fois
  • Le résultat moyen est 5 sur 15
Statistiques - réponses
Par images Réponse % Correct
Caledor
100%
Chrace
100%
Avelorn
86%
Eataine
43%
Nagarythe
43%
Saphery
43%
Yvresse
29%
Chevaliers de Caledor
14%
Cothique
14%
Ellyrion
14%
Forteresse de l'Aube
14%
Ordre des Maîtres du savoir
14%
Tiranoc
14%
Tor Elasor
14%
Citadelle du Crépuscule
0%
Aucun quiz correspondant
Distribution des résultats
% des personnes avec chaque résultat
Percentile par nombre de réponses
Votre historique - résultats
Vous n’avez pas pris ce quiz